1140 1863 1969 1995 1431 1627 1506 1353 1160 1595 1113 1564 1472 1173 1562 1725 1579 1782 1808 1428 1676 1774 1681 1741 1021 1045 1127 1404 1459 1713 1524 1724 1024 1649 1281 1070 1132 1139 1972 1655 1216 1127 1310 1944 1108 1790 1093 1734 1017 1950 1460 1256 1865 1406 1276 1830 1761 1836 1488 1841 1436 1228 1143 1647 1345 1460 1617 1398 1111 1318 1866 1881 1104 1698 1496 1188 1168 1460 1378 1472 1704 1529 1647 1802 1732 1146 1266 1224 1743 1963 1460 1170 1567 1939 1737 1668 1341 1761 1123 BCNSPRNW ULIB Ver.6.0+V

เปลี่ยนเป็นภาษาไทย

Change to English
 แสดงรายละเอียดบรรณานุกรม
  กลับหน้าหลัก

Brief Record : Get Marc (ISO 2709) : E-mail record : QR code < ปิดหน้าต่าง
LEADER : 00000nam 2200000uu 4500
001    13399126919
003     ULIB
008    190904s2561||||th 000 0 tha d
020    ^a9786164073869
060    ^aWW168^bศ696ต
100    ^aศุภพงศ์ ถิรคุณวิชชะ
245    ^aตำรา ศัลยกรรมจักษุตกแต่งและเสริมสร้าง (OCULOP LASTIC AND RECONSTRUCTIVE SURGERY)
250    ^aพิมพ์ครั้งที่ 1
260    ^aกรุงเทพฯ :^bภาควิชาจักษุวิทยา คณะแพทยศาสตร์ จุฬาลงกรณ์มหาวิทยาลัย,^c2561
300    ^a376 หน้า;^b26 ซม.
650    ^aศัลยกรรมตกแต่งตา
945    ^p1000^l0^i27604
945    ^p1000^l0^i27603
945    ^p1000^l0^i27602
945    ^p1000^l0^i27605
945    ^p1000^l0^i27606
999    ^aกัณชพร จุลอักษร
รายการนี้ยังไม่มีแท็ก
คุณยังไม่ได้ล็อกอิน คุณสามารถมีกิจกรรมร่วมกับเว็บไซต์ได้ แต่ต้องล็อกอินก่อน ::
  ล็อกอิน

รายการสื่อสารสนเทศ

ลำดับที่ ประเภท เลขเรียก/บาร์โค้ด สถานที่ สถานะ
1. หนังสือสำรอง
หนังสือสำรอง
WW168 ศ696ต ฉ.1 
  Barcode: 27602
ห้องสมุดวิทยาเขตนครสวรรค์
►หนังสือทั่วไป:l:General Books
บนชั้น
2. วิทยาศาสตร์การแพทย์ และสุขภาพ
วิทยาศาสตร์การแพทย์ และสุขภาพ
WW168 ศ696ต ฉ.2 
  Barcode: 27603
ห้องสมุดวิทยาเขตนครสวรรค์
►หนังสือทั่วไป:l:General Books
บนชั้น
3. วิทยาศาสตร์การแพทย์ และสุขภาพ
วิทยาศาสตร์การแพทย์ และสุขภาพ
WW168 ศ696ต ฉ.3 
  Barcode: 27604
ห้องสมุดวิทยาเขตนครสวรรค์
►หนังสือทั่วไป:l:General Books
บนชั้น
4. วิทยาศาสตร์การแพทย์ และสุขภาพ
วิทยาศาสตร์การแพทย์ และสุขภาพ
WW168 ศ696ต ฉ.4 
  Barcode: 27605
ห้องสมุดวิทยาเขตนครสวรรค์
►หนังสือทั่วไป:l:General Books
บนชั้น
5. วิทยาศาสตร์การแพทย์ และสุขภาพ
วิทยาศาสตร์การแพทย์ และสุขภาพ
WW168 ศ696ต ฉ.5 
  Barcode: 27606
ห้องสมุดวิทยาเขตนครสวรรค์
►หนังสือทั่วไป:l:General Books
บนชั้น

รายการใกล้เคียง
    ชื่อเรื่อง [ตำรา ศัลยกรรมจักษุตกแต่งและเสริมสร้าง (OCULOP LASTIC AND RECONSTRUCTIVE SURGERY)]

    ผู้แต่ง [ศุภพงศ์ ถิรคุณวิชชะ]

    หัวเรื่อง [ศัลยกรรมตกแต่งตา]

BibComment


ยังไม่เคยถูกคอมเมนท์

คอมเมนท์ทรัพยากรรายการนี้
  คอมเมนท์: ตำรา ศัลยกรรมจัก..


 Copyright 2026. Bcnsprnw @Library